Les plus grands groupes de Rock - Statistiques

Statistiques générales
  • Ce quiz a été pris 380 fois
  • Le résultat moyen est 7 sur 10
Statistiques - réponses
Par images Réponse % Correct
Nirvana
96%
The Beatles
96%
AC/DC
87%
Queen
85%
The Rolling Stones
79%
Guns N’ Roses
65%
Led Zeppelin
55%
Pink Floyd
52%
U2
43%
The Eagles
32%
Aucun quiz correspondant
Distribution des résultats
% des personnes avec chaque résultat
Percentile par nombre de réponses
Votre historique - résultats
Vous n’avez pas pris ce quiz